The Devil on Horseback (Record no. 350700)

000 -LEADER
fixed length control field 00990cam a2200313 i 4500
001 - CONTROL NUMBER
control field 1304984
003 - CONTROL NUMBER IDENTIFIER
control field OSt
005 - DATE AND TIME OF LATEST TRANSACTION
control field 20180116183024.0
008 - FIXED-LENGTH DATA ELEMENTS--GENERAL INFORMATION
fixed length control field 770512s1977 nyu 000 1 eng
010 ## - LIBRARY OF CONGRESS CONTROL NUMBER
LC control number 77072414
020 ## - INTERNATIONAL STANDARD BOOK NUMBER
International Standard Book Number 0385132093 :
Terms of availability $8.95
040 ## - CATALOGING SOURCE
Original cataloging agency DLC
Transcribing agency DLC
Modifying agency DLC
-- OCoLC
-- DLC
043 ## - GEOGRAPHIC AREA CODE
Geographic area code e-fr---
-- e-uk---
050 00 - LIBRARY OF CONGRESS CALL NUMBER
Classification number PR6015.I3
Item number D45 1977
082 00 - DEWEY DECIMAL CLASSIFICATION NUMBER
Classification number 823.914 HOL 1977
100 1# - MAIN ENTRY--PERSONAL NAME
Personal name Holt, Victoria,
Dates associated with a name 1906-1993.
245 14 - TITLE STATEMENT
Title The Devil on Horseback
Statement of responsibility, etc. Victoria Holt [i.e. E. Hibbert].
250 ## - EDITION STATEMENT
Edition statement 1st ed.
260 ## - PUBLICATION, DISTRIBUTION, ETC.
Place of publication, distribution, etc. Garden City, N.Y. :
Name of publisher, distributor, etc. Doubleday,
Date of publication, distribution, etc. 1977.
300 ## - PHYSICAL DESCRIPTION
Extent 358 p. ;
Dimensions 22 cm.
440 ## - SERIES STATEMENT/ADDED ENTRY--TITLE
Title The Devil on Horseback
651 #0 - SUBJECT ADDED ENTRY--GEOGRAPHIC NAME
Geographic name France
General subdivision History
Chronological subdivision Revolution, 1789-1799
General subdivision Fiction.
651 #0 - SUBJECT ADDED ENTRY--GEOGRAPHIC NAME
Geographic name Great Britain
General subdivision History
Chronological subdivision 18th century
General subdivision Fiction.
655 #7 - INDEX TERM--GENRE/FORM
Genre/form data or focus term Romantic suspense novels.
Source of term gsafd
655 #7 - INDEX TERM--GENRE/FORM
Genre/form data or focus term Historical fiction.
Source of term gsafd
655 #7 - INDEX TERM--GENRE/FORM
Genre/form data or focus term War stories.
Source of term gsafd
906 ## - LOCAL DATA ELEMENT F, LDF (RLIN)
a 7
b cbc
c orignew
d 1
e opcn
f 19
g y-gencatlg
942 ## - ADDED ENTRY ELEMENTS (KOHA)
Source of classification or shelving scheme
Koha item type Book
Holdings
Withdrawn status Lost status Source of classification or shelving scheme Damaged status Not for loan Collection code Permanent Location Current Location Shelving location Date acquired Total Checkouts Full call number Barcode Date last seen Date last checked out Price effective from Koha item type
            Central Library (CL) Central Library (CL) Fiction 12/02/2015 2 823.914 HOL 1977 NBSD-2265 06/15/2022 01/14/2022 12/02/2015 Book
© 2023 Central Library, National University of Sciences and Technology. All Rights Reserved.